Crack the Code #2 - Statistics

General Stats
  • This quiz has been taken 198 times
  • The average score is 32 of 54
Answer Stats
Sequence #s % Correct
Cube 1 1
99%
Cube 2 8
92%
Cube 3 27
84%
Cube 4 64
77%
Cube 5 125
74%
Cube 10 XTWLVE
72%
Cube 6 216
71%
Cube 7 343
70%
Cube 8 512
70%
Cube 9 729
70%
x12 1 12
61%
x12 9 108
60%
x12 2 24
60%
x12 3 36
60%
x12 4 48
60%
x12 5 60
60%
x12 6 72
60%
x12 7 84
60%
x12 8 96
60%
x12 10 CMPSTE
60%
Composite 1 4
56%
Composite 2 6
55%
Composite 3 8
55%
Composite 4 9
55%
Composite 5 10
54%
Composite 6 12
54%
Composite7 14
54%
2Power 1 2
54%
2Power 2 4
54%
2Power 3 8
54%
Composite 8 15
53%
Composite 9 16
53%
Composite 10 PWRTWO
53%
Odd 1 1
52%
Odd 6 11
52%
2Power 7 128
52%
Odd 7 13
52%
Odd 8 15
52%
2Power 4 16
52%
Odd 9 17
52%
2Power 8 256
52%
Odd 2 3
52%
2Power 5 32
52%
Odd 3 5
52%
2Power 9 512
52%
2Power 6 64
52%
Odd 4 7
52%
Odd 5 9
52%
Odd 10 CODE CRACKED!
52%
2Power 10 ODDNOS
52%
Multiples of 12
51%
Composite Numbers
49%
Powers of 2
45%
Odd Numbers
44%
No matching quizzes found
Score Distribution
Percent of People with Each Score
Percentile by Number Answered
Your Score History
You have not taken this quiz